01180nam a2200265 a 450000100060000000300080000600500170001400800410003103500190007204000350009104100080012608200250013410000380015924501790019726000720037630000410044850200780048950400360056765000450060370000450064870000450069394200130073899900170075195201460076884007BD-RjUL20240918123116.0240918s2004 bg a|||| m||| 00| 0 eng d a(BD-RjUL)84007 aBD-RjULbengcBD-RjULdBD-RjUL aeng 223a658.42bMAR 2004 aMajumder, Md. Abdus Sattar91353410aRural Entrepreneurship in Bangladesh :bA Study of Bangladesh Krishi Bank /cBy Md. Abdus Sattar Majumder ;6Supervisor : Md. Mohsin-ul Islam, Co-Supervisor : Md. Akhtaruddin aRajshahi :bDepartment of Accounting, University of Rajshahi,c2004 axxviii, 264 Leaves :bill, ;c29 cm. aThesis (Ph. D.) -- Department of Accounting, University of Rajshahi, 2004 aBibliography : Leaves [220]-231 aManagementvInternal Organization913535 aIslam, Md. Mohsin-ul, Supervisor 913516 aAkhtaruddin, Md, Co-Supervisor . 913536 2ddccTHE c84007d84007 102ddc40718THESESaRUCLbRUCLcDoc/Thed2005-03-05eController of Exam. R.U.l0oTHE 658.42 MAR 2004pD2365r2024-09-18 00:00:00tC-IyTHE